| 000 | 01036nam a22002537a 4500 | ||
|---|---|---|---|
| 005 | 20170124102936.0 | ||
| 010 | _aA-721970 | ||
| 020 |
_c80.00 _a8185117411 |
||
| 035 | _aA-721970 | ||
| 037 | _bCen Lib/Ret | ||
| 040 |
_aDPL _bHN |
||
| 082 |
_a827 _bदिनेश |
||
| 100 |
_aदिनेश, देवराज _946614 |
||
| 245 |
_aक्या! जवाब आपका / _cदेवराज दिनेश |
||
| 246 |
_aKya! jawaab aapka / _bby Devraj Dinesh |
||
| 260 |
_aदिल्ली _bहिंदी साहित्य संसार उद्धोग _c1995 |
||
| 270 |
_bदिल्ली _a1543, नई सड़क _e110006 |
||
| 300 |
_a83पृ. _c21सेमी(सजिल्द) |
||
| 650 |
_aहिन्दी साहित्य _946615 |
||
| 650 |
_aहिन्दी साहित्य -- कहानियां _946616 |
||
| 650 |
_aHindi literature _946617 |
||
| 650 |
_aHindi literature -- Stories _946618 |
||
| 942 |
_2ddc _cHN _h827 _mदिनेश |
||
| 999 |
_c112264 _d112264 |
||